00577 2200229 4500001002100000005001500021035002000036007000300056008004100059020002000100082001300120084001900133100001900152245002500171250000600196260003600202300002900238650001200267650001700279856002900296990002200325INLIS00000000000728520250305074248 a0010-0325000010ta250305 0 ind  a978-623-7868316 a398.2095 a398.2095 RAH a1 aRAHMAN, Rian F1 aAku dan Alam Semesta a- aJakarta :bLingkar Media,c2000 a24p. :bilus ;c19 cme- 4aTematik 4aAlam semesta aPerpustakaan BPSIP JATIM a98/2025/BSIPJATIM